[Event "Pskov 5th op"]
[Site "Pskov"]
[Date "2008.06.27"]
[Round "6.5"]
[White "Stepanov, Alexander P"]
[Black "Monina, Polina"]
[Result "0-1"]
[WhiteElo "2288"]
[BlackElo "1871"]
[PlyCount "107"]
[EventDate "2008.06.22"]
[EventType "swiss"]
[EventRounds "9"]
[EventCountry "RUS"]
[SourceTitle "EXT 2022"]
[Source "ChessBase"]
[SourceDate "2021.10.06"]
[SourceVersion "1"]
[SourceVersionDate "2021.10.06"]
[SourceQuality "1"]

1. c4 Nf6 2. Nf3 c6 3. d4 d5 4. e3 e6 5. Nc3 Nbd7 6. Qc2 a6 7. e4 dxe4 8. Nxe4 Nxe4 9. Qxe4 Nf6 10. Qd3 Bd6 11. Be2 0-0 12. 0-0 h6 13. Rd1 Qe7 14. Bd2 Bd7 15. Bc3 Bc7 16. Ne5 Rfd8 17. b4 Be8 18. f4 Nd7 19. Qe3 Nxe5 20. fxe5 a5 21. a3 b5 22. c5 Rdb8 23. Bd3 Bd8 24. Qe4 g6 25. Bd2 Kg7 26. g3 axb4 27. axb4 Rxa1 28. Rxa1 Qb7 29. h4 Ra8 30. Rxa8 Qxa8 31. Qe3 h5 32. Be4 Qa1+ 33. Kg2 Be7 34. Bf3 Kg8 35. Be1 Qa2+ 36. Kh3 Qc4 37. Kg2 Qc2+ 38. Kf1 Qc4+ 39. Kf2 Qc2+ 40. Bd2 Qa2 41. Be4 Qb2 42. Ke2 Qa2 43. Kd1 Qa1+ 44. Kc2 Qa2+ 45. Kc1 Qa1+ 46. Bb1 Qa4 47. Qf3 Qa1 48. Bc3 Qa3+ 49. Kc2 Qa4+ 50. Kb2 Qa8 51. Be4 Bf8 52. g4 hxg4 53. Qxg4 Bg7 54. Qg3 0-1

[Event "Pskov 5th op"]
[Site "Pskov"]
[Date "2008.06.24"]
[Round "2.5"]
[White "Stepanov, Alexander P"]
[Black "Veltmander, Vitaliy"]
[Result "1-0"]
[WhiteElo "2288"]
[BlackElo "2073"]
[PlyCount "109"]
[EventDate "2008.06.22"]
[EventType "swiss"]
[EventRounds "9"]
[EventCountry "RUS"]
[SourceTitle "EXT 2022"]
[Source "ChessBase"]
[SourceDate "2021.10.06"]
[SourceVersion "1"]
[SourceVersionDate "2021.10.06"]
[SourceQuality "1"]

1. Nf3 d5 2. d4 c6 3. c4 Nf6 4. e3 e6 5. Qc2 Nbd7 6. Nc3 Bd6 7. e4 e5 8. cxd5 cxd5 9. exd5 0-0 10. Be2 exd4 11. Nxd4 Nb6 12. Bg5 Be5 13. Rd1 Nbxd5 14. Nxd5 Qxd5 15. Nf3 Qa5+ 16. Qd2 Qxd2+ 17. Rxd2 Ne4 18. Nxe5 Nxg5 19. h4 Ne4 20. Rd4 Nf6 21. Bc4 Be6 22. Bxe6 fxe6 23. Ke2 Rac8 24. Rhd1 Nd5 25. g3 Rf5 26. f4 h6 27. Nf3 Nf6 28. Rd8+ Rxd8 29. Rxd8+ Kh7 30. Nd4 Ra5 31. a3 e5 32. fxe5 Rxe5+ 33. Kf3 Rd5 34. Rxd5 Nxd5 35. Ke4 Nb6 36. b3 Kg6 37. Nb5 Nd7 38. b4 a6 39. Nd6 b6 40. Nc4 b5 41. Ne3 Nb6 42. g4 Kf7 43. Ke5 g6 44. h5 gxh5 45. gxh5 Nd7+ 46. Kd6 Nb6 47. Ke5 Nd7+ 48. Kd4 Ke6 49. Ng4 Kf5 50. Nxh6+ Kg5 51. Nf7+ Kxh5 52. Ne5 Nb6 53. Nc6 Nc4 54. a4 Nb6 55. a5 1-0

[Event "Voronezh op-A"]
[Site "Voronezh"]
[Date "2006.06.19"]
[Round "7"]
[White "Sokolovsky, Victor"]
[Black "Stepanov, Alexander P"]
[Result "0-1"]
[WhiteElo "2123"]
[BlackElo "2300"]
[PlyCount "62"]
[EventDate "2006.06.12"]
[EventType "swiss"]
[EventRounds "9"]
[EventCountry "RUS"]
[SourceTitle "CBM 112 Extra"]
[Source "ChessBase"]
[SourceDate "2006.07.14"]
[SourceVersion "1"]
[SourceVersionDate "2006.07.14"]
[SourceQuality "1"]

1. e4 c5 2. Nf3 d6 3. d4 cxd4 4. Nxd4 Nf6 5. Nc3 Nc6 6. Be2 g6 7. g4 Bg7 8. g5 Nxe4 9. Nxc6 Nxc3 10. bxc3 bxc6 11. h4 Bxc3+ 12. Bd2 Qa5 13. Bxc3 Qxc3+ 14. Kf1 Bf5 15. Bd3 Bxd3+ 16. cxd3 Rb8 17. Rc1 Qd4 18. Rc4 Qd5 19. Rh3 0-0 20. Re4 e5 21. h5 Qe6 22. Reh4 Rb7 23. Qf3 d5 24. Qg3 Qf5 25. d4 Re8 26. hxg6 fxg6 27. dxe5 Rxe5 28. Rg4 c5 29. Rhh4 Rbe7 30. Qb3 Qf7 31. Qb1 Re8 0-1

[Event "Voronezh op-A"]
[Site "Voronezh"]
[Date "2006.06.14"]
[Round "3"]
[White "Stepanov, Alexander P"]
[Black "Zakharevich, Igor"]
[Result "1/2-1/2"]
[WhiteElo "2300"]
[BlackElo "2523"]
[PlyCount "69"]
[EventDate "2006.06.12"]
[EventType "swiss"]
[EventRounds "9"]
[EventCountry "RUS"]
[SourceTitle "CBM 112 Extra"]
[Source "ChessBase"]
[SourceDate "2006.07.14"]
[SourceVersion "1"]
[SourceVersionDate "2006.07.14"]
[SourceQuality "1"]

1. Nf3 g6 2. e4 Bg7 3. d4 d6 4. Nc3 Nf6 5. h3 0-0 6. Be3 c6 7. Qd2 b5 8. Bd3 Qc7 9. Bh6 Nbd7 10. Bxg7 Kxg7 11. 0-0 e5 12. Ne2 Bb7 13. Ng3 h6 14. c3 Rfe8 15. Rfe1 Nf8 16. Bc2 Ne6 17. Rad1 Rad8 18. Nh2 Nf4 19. Ne2 N6h5 20. Nf1 Qe7 21. Qe3 Qg5 22. Nxf4 Nxf4 23. Qg3 Qxg3 24. Nxg3 c5 25. Ne2 Nh5 26. f3 a5 27. dxc5 dxc5 28. Kf2 Kf6 29. Rxd8 Rxd8 30. Rd1 Rxd1 31. Bxd1 Ke7 32. Ke3 Kd6 33. a3 c4 34. b4 a4 35. Bc2 1/2-1/2

[Event "Voronezh op-A"]
[Site "Voronezh"]
[Date "2006.06.12"]
[Round "1"]
[White "Zontakh, Andrey"]
[Black "Stepanov, Alexander P"]
[Result "1-0"]
[WhiteElo "2553"]
[BlackElo "2300"]
[PlyCount "57"]
[EventDate "2006.06.12"]
[EventType "swiss"]
[EventRounds "9"]
[EventCountry "RUS"]
[SourceTitle "CBM 112 Extra"]
[Source "ChessBase"]
[SourceDate "2006.07.14"]
[SourceVersion "1"]
[SourceVersionDate "2006.07.14"]
[SourceQuality "1"]

1. e4 c5 2. Nf3 d6 3. d4 cxd4 4. Nxd4 Nf6 5. Nc3 a6 6. Be3 e6 7. f3 b5 8. g4 Qc7 9. Qd2 Nc6 10. 0-0-0 Ne5 11. g5 Nfd7 12. f4 Nc4 13. Bxc4 Qxc4 14. Kb1 Bb7 15. a3 Rc8 16. Nb3 Qc7 17. Rhf1 Nc5 18. Nxc5 dxc5 19. f5 b4 20. fxe6 fxe6 21. Bf4 bxc3 22. Qxc3 Qc6 23. Be5 Rc7 24. Bxc7 Qxc7 25. Qh3 Bc8 26. g6 h6 27. Rf7 Qb6 28. Qf3 e5 29. Rf1 1-0